| 000 | 00838nam a22001817a 4500 | ||
|---|---|---|---|
| 003 | OSt | ||
| 005 | 20251125093115.0 | ||
| 008 | 251125b |||||||| |||| 00| 0 eng d | ||
| 040 | _cDCL | ||
| 082 | _a၃၇၀.၁၅ | ||
| 100 | 0 |
_aကေမြရီ၊ _cဒေါက်တာ- |
|
| 245 | 1 | 0 |
_aပညာရေးစိတ်ပညာ=Educational Psychology၊ _bအတွဲ-၂ / _cဒေါက်တာကေမြရီ။ |
| 264 |
_aရန်ကုန် ၊ _bတက္ကသိုလ်များပုံနှိပ်တိုက်၊ _c၁၉၇၀။ |
||
| 300 |
_a၇၆ စာမျက်နှာ၊ _c၃၀ စင်တီ။ |
||
| 500 | _aကျမ်းကိုးစာရင်းပါသည်။ | ||
| 650 | _aပညာရေးစိတ်ပညာ | ||
| 942 |
_2ddc _cSHORT TERM _n0 |
||
| 999 |
_c2616 _d2616 |
||